Regions of risk : a geographical introduction to disasters / (Record no. 9085)
[ view plain ]
| 000 -LEADER | |
|---|---|
| fixed length control field | 00876nac a22002531u 4500 |
| 010 ## - LIBRARY OF CONGRESS CONTROL NUMBER | |
| LC control number | 97186375 |
| 020 ## - INTERNATIONAL STANDARD BOOK NUMBER | |
| International Standard Book Number | 0582210054 (pbk) |
| 035 ## - SYSTEM CONTROL NUMBER | |
| System control number | (MNU)notisARE5404 |
| 035 ## - SYSTEM CONTROL NUMBER | |
| System control number | (OCoLC)OCM36746874 |
| 035 ## - SYSTEM CONTROL NUMBER | |
| System control number | (CStRLIN)MNUGARE5404-B |
| 082 00 - DEWEY DECIMAL CLASSIFICATION NUMBER | |
| Classification number | 363.34 |
| Item number | HEW |
| 090 ## - LOCALLY ASSIGNED LC-TYPE CALL NUMBER (OCLC); LOCAL CALL NUMBER (OCLC) | |
| -- | 9085 |
| -- | 9085 |
| 100 ## - MAIN ENTRY--PERSONAL NAME | |
| Personal name | Hewitt, Kenneth. |
| 245 10 - TITLE STATEMENT | |
| Title | Regions of risk : a geographical introduction to disasters / |
| Statement of responsibility, etc | Kenneth Hewitt. |
| 260 ## - PUBLICATION, DISTRIBUTION, ETC. (IMPRINT) | |
| Place of publication, distribution, etc | Harlow : |
| Name of publisher, distributor, etc | Longman,C.1997. |
| Date of publication, distribution, etc | C.1997. |
| 300 ## - PHYSICAL DESCRIPTION | |
| Extent | xx, 389 p. : |
| Other physical details | ill., maps ; |
| Dimensions | 24 cm. |
| 440 #0 - | |
| -- | Themes in resource management |
| 500 ## - GENERAL NOTE | |
| General note | Distributer: Al-Ahram. |
| 504 ## - BIBLIOGRAPHY, ETC. NOTE | |
| Bibliography, etc | Includes bibliographical reference (p. 365-382) and index. |
| 511 ## - PARTICIPANT OR PERFORMER NOTE | |
| Participant or performer note | Catalogued By: Mahitab. |
| 650 #0 - SUBJECT ADDED ENTRY--TOPICAL TERM | |
| Topical term or geographic name as entry element | Hazardous geographic environments. |
| 650 #0 - SUBJECT ADDED ENTRY--TOPICAL TERM | |
| Topical term or geographic name as entry element | Disasters |
| General subdivision | Social aspects. |
| 942 ## - ADDED ENTRY ELEMENTS (KOHA) | |
| Item type | Book - Borrowing |
| Call number prefix | 363.34HEW |
| Withdrawn status | Item status | Damaged status | Not for loan | Home library | Current library | Shelving location | Date acquired | Source of acquisition | Total Checkouts | Full call number | Barcode | Date last seen | Koha item type |
|---|---|---|---|---|---|---|---|---|---|---|---|---|---|
| Central Library | Central Library | First floor | 08/04/2013 | Purchase | 363.34HEW | 000011015 | 15/07/2025 | Book - Borrowing |